| 000 | 00482nam a22001937a 4500 | ||
|---|---|---|---|
| 003 | BUBTL | ||
| 008 | 210323b xxu||||| |||| 00| 0 eng d | ||
| 082 | _a343.057 | ||
| 100 |
_aDLR _94087 |
||
| 245 | _aThe Stamp Act [II of 1899] | ||
| 250 | _a3rd ed. | ||
| 260 |
_aDhaka _bEsrarul Huq Chowdhury _cc2014 |
||
| 300 |
_a204p . : _b25cm. |
||
| 500 | _aIncludes Index | ||
| 650 |
_aLaw _94088 |
||
| 856 |
_k0 _l0 _yDownload |
||
| 942 |
_2ddc _cBK |
||
| 999 |
_c6497 _d6497 |
||